[Event "GRE-ch U12 Girls"]
[Site "Patras"]
[Date "2019.07.01"]
[Round "9.1"]
[White "Kalamoukou, Giolanta"]
[Black "Kartsidima, Aggeliki"]
[Result "1-0"]
[WhiteElo "1292"]
[BlackElo "1337"]
[PlyCount "105"]
[EventDate "2019.06.25"]
[EventType "swiss"]
[EventRounds "9"]
[EventCountry "GRE"]
[SourceTitle "EXT 2020"]
[Source "ChessBase"]
[SourceDate "2019.10.17"]
[SourceVersion "1"]
[SourceVersionDate "2019.10.17"]
[SourceQuality "1"]
[WhiteTeam "Greece"]
[BlackTeam "Greece"]
[WhiteTeamCountry "GRE"]
[BlackTeamCountry "GRE"]

1. d4 d5 2. c4 c6 3. Nf3 Nf6 4. e3 dxc4 5. Bxc4 Bf5 6. Qb3 e6 7. Qxb7 Nbd7 8. Qxc6 Bd3 9. Nbd2 Bxc4 10. Nxc4 Rc8 11. Qa4 Qc7 12. b3 Rb8 13. Ba3 Ne4 14. Bxf8 Kxf8 15. 0-0 Nb6 16. Nxb6 Qxb6 17. Ne5 Nf6 18. Nd7+ Nxd7 19. Qxd7 Rd8 20. Qa4 g6 21. Rfc1 Kg7 22. Rc6 Qb7 23. Rac1 Rc8 24. Rxc8 Rxc8 25. Rxc8 Qxc8 26. g3 Qc1+ 27. Kg2 Qc7 28. Qc4 Qb7+ 29. Kg1 Qe4 30. Qc1 h5 31. h4 g5 32. hxg5 h4 33. gxh4 Qxh4 34. Qd1 Qxg5+ 35. Kf1 Qa5 36. a4 Qb4 37. Qc2 Qa5 38. Ke2 Qb4 39. Kd1 Qb7 40. Kc1 Qh1+ 41. Kb2 Qe1 42. e4 Kg8 43. Ka2 a5 44. d5 Qb4 45. dxe6 fxe6 46. f3 Qd6 47. Qc8+ Kg7 48. Qc3+ e5 49. Qxa5 Qd4 50. Qc7+ Kg6 51. a5 Qd2+ 52. Ka3 Qd4 53. Qb6+ 1-0

[Event "GRE-ch U12 Girls"]
[Site "Patras"]
[Date "2019.06.26"]
[Round "3.2"]
[White "Skaraki, Georgia"]
[Black "Kartsidima, Aggeliki"]
[Result "0-1"]
[WhiteElo "1257"]
[BlackElo "1337"]
[PlyCount "74"]
[EventDate "2019.06.25"]
[EventType "swiss"]
[EventRounds "9"]
[EventCountry "GRE"]
[SourceTitle "EXT 2020"]
[Source "ChessBase"]
[SourceDate "2019.10.17"]
[SourceVersion "1"]
[SourceVersionDate "2019.10.17"]
[SourceQuality "1"]
[WhiteTeam "Greece"]
[BlackTeam "Greece"]
[WhiteTeamCountry "GRE"]
[BlackTeamCountry "GRE"]

1. c4 Nf6 2. Nc3 g6 3. e4 d6 4. g3 Bg7 5. Bg2 0-0 6. Nge2 e5 7. d3 Ne8 8. 0-0 Nc6 9. Be3 Ne7 10. Qd2 f5 11. Bh6 Be6 12. exf5 Bxh6 13. Qxh6 Nxf5 14. Qd2 Rb8 15. h3 c6 16. g4 Nh4 17. Bh1 Nf3+ 18. Bxf3 Rxf3 19. Ng3 Qh4 20. Kg2 Rf8 21. Nce4 Qe7 22. Qh6 Qg7 23. Qxg7+ Kxg7 24. a3 Rd8 25. Rad1 h6 26. d4 Bxc4 27. Rfe1 exd4 28. Rxd4 Bd5 29. f3 Nf6 30. Nc3 Rfe8 31. Rxe8 Rxe8 32. Nge4 Bxe4 33. Nxe4 Nxe4 34. fxe4 Re6 35. b4 Kf6 36. Kf3 Ke5 37. Ke3 Rf6 0-1

[Event "GRE-chT 46th"]
[Site "Rio Achaia"]
[Date "2018.07.15"]
[Round "7.10"]
[White "Kartsidima, Aggeliki"]
[Black "Fragkos, Vasileios"]
[Result "1-0"]
[WhiteElo "1317"]
[BlackElo "1774"]
[PlyCount "47"]
[EventDate "2018.07.10"]
[EventType "team"]
[EventRounds "7"]
[EventCountry "GRE"]
[SourceTitle "CBM 185 Extra"]
[Source "ChessBase"]
[SourceDate "2018.07.29"]
[SourceVersion "1"]
[SourceVersionDate "2018.07.29"]
[SourceQuality "1"]
[WhiteTeam "So Thomas Georgiou"]
[BlackTeam "Portrait"]
[WhiteTeamCountry "GRE"]
[BlackTeamCountry "GRE"]

1. d4 Nf6 2. Nf3 e6 3. Nbd2 d5 4. e3 c5 5. c3 Nc6 6. Bd3 Bd6 7. dxc5 Bxc5 8. b4 Bd6 9. 0-0 0-0 10. Bb2 e5 11. e4 Be6 12. Ng5 Bg4 13. f3 Qb6+ 14. Kh1 Be6 15. Nxe6 fxe6 16. a4 Qe3 17. Qc2 Qh6 18. Rfe1 Rac8 19. Qd1 Nh5 20. Nf1 Rcd8 21. Qb1 d4 22. b5 dxc3 23. Bc1 Qf6 24. bxc6 1-0

[Event "GRE-chT 46th"]
[Site "Rio Achaia"]
[Date "2018.07.10"]
[Round "1.8"]
[White "Kartsidima, Aggeliki"]
[Black "Violakis, Anastasios"]
[Result "0-1"]
[WhiteElo "1317"]
[BlackElo "1255"]
[PlyCount "112"]
[EventDate "2018.07.10"]
[EventType "team"]
[EventRounds "7"]
[EventCountry "GRE"]
[SourceTitle "CBM 185 Extra"]
[Source "ChessBase"]
[SourceDate "2018.07.29"]
[SourceVersion "1"]
[SourceVersionDate "2018.07.29"]
[SourceQuality "1"]
[WhiteTeam "So Thomas Georgiou"]
[BlackTeam "Chania Kaissa"]
[WhiteTeamCountry "GRE"]
[BlackTeamCountry "GRE"]

1. d4 Nf6 2. Nf3 g6 3. e3 Bg7 4. Bd3 0-0 5. Nbd2 d6 6. 0-0 Nbd7 7. c3 c5 8. Re1 b6 9. Qc2 Bb7 10. Rb1 Rc8 11. Qb3 Re8 12. e4 d5 13. exd5 Bxd5 14. c4 Bb7 15. d5 Ng4 16. Ne4 Nge5 17. Nxe5 Nxe5 18. Ng3 Nxd3 19. Qxd3 Qd7 20. Qc2 e6 21. dxe6 Rxe6 22. Be3 Qc6 23. f3 Rce8 24. Bf2 Rxe1+ 25. Rxe1 Rxe1+ 26. Bxe1 Qe6 27. Bf2 Qe5 28. b3 Qa1+ 29. Nf1 Bf6 30. Qd2 Bc8 31. Be3 Bf5 32. Kf2 Bb1 33. a4 Qa2 34. Ke2 Qxb3 35. Qd7 Qxc4+ 36. Kf2 Bd4 37. Qxa7 Bd3 38. Bxd4 Qxd4+ 39. Ne3 Bc2 40. Qb8+ Kg7 41. Qe8 Bxa4 42. Qe7 b5 43. Kg3 b4 44. h4 h5 45. Qg5 Bd7 46. Nd5 f6 47. Nxf6 Qxf6 48. Qxc5 b3 49. Qc7 Qf7 50. Qe5+ Kh7 51. Qb2 Bf5 52. Qc3 Bc2 53. Qb2 Qg7 54. Qc1 Qc3 55. Qa3 Qe5+ 56. Kh3 b2 0-1

[Event "Wch U10 Girls"]
[Site "Pocos de Caldas"]
[Date "2017.08.28"]
[Round "8"]
[White "Kartsidima, Aggeliki"]
[Black "Guid, Taja"]
[Result "1-0"]
[WhiteElo "1294"]
[BlackElo "1200"]
[PlyCount "47"]
[EventDate "2017.08.22"]
[EventType "swiss"]
[EventRounds "11"]
[EventCountry "BRA"]
[SourceTitle "CBM 180 Extra"]
[Source "ChessBase"]
[SourceDate "2017.10.06"]
[SourceVersion "1"]
[SourceVersionDate "2017.10.06"]
[SourceQuality "1"]

1. d4 d5 2. Nf3 e6 3. e3 Nf6 4. Bd3 c6 5. c3 Bd6 6. Nbd2 Nbd7 7. 0-0 0-0 8. e4 e5 9. Re1 Re8 10. c4 dxe4 11. Nxe4 Nxe4 12. Rxe4 f5 13. Re1 e4 14. c5 Bxh2+ 15. Kxh2 exf3 16. Rxe8+ Qxe8 17. Qxf3 g6 18. Bc4+ Kg7 19. Bd2 Nf6 20. Re1 Qd8 21. Bc3 Ne4 22. d5+ Nxc3 23. Qxc3+ Qf6 24. Re7+ 1-0

[Event "GRE-ch U10 Girls"]
[Site "Achaia"]
[Date "2017.06.29"]
[Round "6"]
[White "Karavitaki, Antonia"]
[Black "Kartsidima, Aggeliki"]
[Result "1/2-1/2"]
[WhiteElo "1084"]
[BlackElo "1224"]
[PlyCount "80"]
[EventDate "2017.06.26"]
[EventType "swiss"]
[EventRounds "9"]
[EventCountry "GRE"]
[SourceTitle "EXT 2018"]
[Source "ChessBase"]
[SourceDate "2017.10.13"]
[SourceVersion "1"]
[SourceVersionDate "2017.10.13"]
[SourceQuality "1"]

1. d4 d6 2. c4 g6 3. Nf3 Bg7 4. Nc3 Nf6 5. g3 c6 6. Bg2 0-0 7. 0-0 Nbd7 8. b3 Qc7 9. Bb2 Nh5 10. Rc1 e5 11. dxe5 Nxe5 12. Nxe5 dxe5 13. c5 Rd8 14. Qc2 Nf6 15. Rcd1 Be6 16. Rxd8+ Rxd8 17. Rd1 Nd5 18. a3 Nxc3 19. Bxc3 Rxd1+ 20. Qxd1 Qd7 21. Qxd7 Bxd7 22. Kf1 Kf8 23. Ke1 f6 24. Kd2 Ke7 25. Kd3 Be6 26. b4 Bc8 27. a4 a6 28. Bd2 Kd7 29. Bh3+ Kc7 30. Bxc8 Kxc8 31. Kc4 Kc7 32. b5 axb5+ 33. axb5 Kd7 34. Kb4 Bf8 35. Be3 Kc7 36. f3 Kd7 37. Ka5 Kc7 38. Bf2 Be7 39. Be3 Bf8 40. Bf2 Be7 1/2-1/2

[Event "GRE-ch U10 Girls"]
[Site "Achaia"]
[Date "2017.06.26"]
[Round "1"]
[White "Kartsidima, Aggeliki"]
[Black "Pletsia, Konstantina"]
[Result "1-0"]
[WhiteElo "1224"]
[BlackElo "1081"]
[PlyCount "93"]
[EventDate "2017.06.26"]
[EventType "swiss"]
[EventRounds "9"]
[EventCountry "GRE"]
[SourceTitle "EXT 2018"]
[Source "ChessBase"]
[SourceDate "2017.10.13"]
[SourceVersion "1"]
[SourceVersionDate "2017.10.13"]
[SourceQuality "1"]

1. d4 d5 2. Nf3 Nf6 3. e3 Bf5 4. Bd3 Bxd3 5. Qxd3 e6 6. Qb5+ Nbd7 7. Qxb7 Be7 8. 0-0 0-0 9. Qa6 Re8 10. Qd3 Rb8 11. c3 Ne4 12. Nbd2 Ndf6 13. Rb1 Qd6 14. Nb3 Rb7 15. Ne5 Rbb8 16. f3 Nxc3 17. Qxc3 Rbc8 18. Nc5 Rb8 19. Bd2 Rb6 20. Rfc1 Rc8 21. b4 Rbb8 22. a4 h6 23. b5 Bd8 24. Nc6 Ra8 25. Nb7 Qd7 26. Nbxd8 Rxd8 27. Nxd8 Rxd8 28. Qxc7 Qxc7 29. Rxc7 Ra8 30. Rbc1 Kh8 31. Rc8+ Rxc8 32. Rxc8+ Kh7 33. Rc7 Kg6 34. Rxa7 Kh7 35. Rxf7 Kg6 36. Re7 Kh7 37. Rxe6 Kg6 38. b6 Kf7 39. Rxf6+ Kxf6 40. b7 Kg6 41. b8Q Kh7 42. a5 Kg6 43. a6 Kh7 44. a7 Kg6 45. a8Q Kh5 46. Qxd5+ Kg6 47. Qe8+ 1-0

[Event "Wch U08 Girls"]
[Site "Porto Carras"]
[Date "2015.10.27"]
[Round "3"]
[White "Kartsidima, Aggeliki"]
[Black "Enkhsaran, Batsaikhan"]
[Result "1-0"]
[WhiteElo "1167"]
[BlackElo "1432"]
[PlyCount "79"]
[EventDate "2015.10.25"]
[EventType "swiss"]
[EventRounds "11"]
[EventCountry "GRE"]
[SourceTitle "CBM 169 Extra"]
[Source "ChessBase"]
[SourceDate "2015.12.18"]
[SourceVersion "1"]
[SourceVersionDate "2015.12.18"]
[SourceQuality "1"]

1. e4 c5 2. Be2 d6 3. f4 Nf6 4. d3 Nc6 5. Nf3 e6 6. 0-0 Be7 7. c3 0-0 8. Na3 a6 9. Be3 b5 10. Qe1 Bb7 11. Nh4 d5 12. e5 Nd7 13. Nf3 Nb6 14. Qf2 Na4 15. Rab1 b4 16. Bd1 Qa5 17. Nc2 bxc3 18. bxc3 Rab8 19. c4 dxc4 20. dxc4 Ba8 21. Bd2 Qc7 22. Rxb8 Rxb8 23. Na3 Nd4 24. Nxd4 cxd4 25. Bxa4 Bxa3 26. Bc1 Bc5 27. Kh1 Bc6 28. Bxc6 Qxc6 29. f5 d3 30. Qf4 exf5 31. Qxf5 Qe6 32. Qxd3 Qxe5 33. Bf4 Qe8 34. Bxb8 Qxb8 35. Qf5 Qc7 36. Qd5 h6 37. Qa8+ Kh7 38. Qf3 f6 39. Qe4+ Kh8 40. Re1 1-0